| 000 | 00000nam##2200000za#4500 |
| 001 | 9.696500 |
| 003 | CaOODSP |
| 005 | 20210624235049 |
| 007 | cr ||||||||||| |
| 008 | 150407|2001||||xxc|||||o f|0| 0 eng|d |
| 040 | |aCaOODSP|beng |
| 043 | |an-cn--- |
| 086 | 1 |aH35-4/7-1999E-PDF |
| 110 | 1 |aCanada. |bHealth Canada. |
| 245 | 10|aTuberculosis in First Nations communities, 1999 |h[electronic resource] |
| 260 | |aOttawa - Ontario : |bHealth Canada |c[2001]. |
| 300 | |a76p.|bfigs. (some coloured), graphs, references, tables |
| 500 | |aThe catalogue number (H35-4/7-1999E) and ISBN (0-662-30044-0) for the print edition have been incorrectly copied in this electronic publication. |
| 590 | |a12-35-Supp|b2012-08-09 |
| 690 | 07|aInfectious diseases|2gcpds |
| 690 | 07|aEpidemiology|2gcpds |
| 690 | 07|aIndigenous peoples|2gcpds |
| 775 | 08|tLa tuberculose dans les communautés des Premières nations, 1999 |w(CaOODSP)9.640614 |
| 776 | 0#|tTuberculosis in First Nations communities, 1999 |w(CaOODSP)9.648069 |
| 856 | 40|ahttp://publications.gc.ca|qPDF|s315 KB |uhttps://publications.gc.ca/collections/Collection/H35-4-7-1999E.pdf |